| 000 | 00703nam a2200229Ia 4500 | ||
|---|---|---|---|
| 008 | 191130s1998##################000#0#eng## | ||
| 020 | _a9780688154103 | ||
| 022 | _a98002949 | ||
| 040 |
_aACL _cACL |
||
| 082 | _a641.5945 BAS | ||
| 245 |
_aLidia's Italian table _cLidia Matticchio Bastianich ; edited by Christopher Styler ; photography by Christopher Hirscheimer |
||
| 250 | _a1st ed | ||
| 260 |
_aNew York _bWilliam Morrow _c1998 |
||
| 300 | _ax, 390 p. : col. ill. ; 27 cm | ||
| 500 | _aIncludes index | ||
| 650 | _aCooking, Italian | ||
| 700 | _aBastianich, Lidia | ||
| 700 | _aStyler, Christopher | ||
| 990 | _a7753cebaac10000c47c04f54aaf348b0 | ||
| 991 | _a316494 | ||
| 999 |
_c232454 _d232454 |
||